| 000 | 00534nam a22001817a 4500 | ||
|---|---|---|---|
| 999 |
_c37987 _d37987 |
||
| 003 | CUTN | ||
| 005 | 20220221101759.0 | ||
| 008 | 220221b ||||| |||| 00| 0 eng d | ||
| 041 | _aEnglish | ||
| 082 |
_a650 _bSHA |
||
| 100 | _aShams, Mukhtar | ||
| 245 |
_aBrand personality and brand image _bThe determinants to manipulate consumer purchasing behavior for cars' brand |
||
| 250 | _aThiruvarur | ||
| 260 |
_aCentral University of Tamil Nadu _bOctober, 2021 |
||
| 300 | _a160p. | ||
| 690 | _aPreeti, R Gotmare | ||
| 942 |
_2ddc _cTDP |
||